000 01031nam a2200253Ia 4500
999 _c10485
_d10485
008 200103s 2015 ||||xx |||||||||||||| ||und||
020 _a8185099146
082 _a670.42
_bCHO
100 _aChoudhury, S.K. Hajra
245 0 _aElements of workshop technology: manufacturing processes, SI and MKS units, Vol. 1
250 _a16th
260 _bMedia Promoters & Publishers Pvt. Ltd.
_c2016
_aMumbai
300 _axvi, 648 p.: ill.
504 _aIncludes objective question paper
520 _aIn this present edition, an earnest attempt has been made to make the book more useful. The authors had covered the syllabuses of all the technical institutes or engineering colleges and technological universities.
650 _aMachine-shop practice
650 _aMechanical engineering
650 _aMachine-tools
650 _aWorkshops - Equipment and supplies
700 _aChoudhury, A.K. Hajra
_eCo-author
700 _aRoy, Nirjhar
_eCo-author
700 _aBhattacharya, S.C.
_eCollaborator
942 _cBK